| 000 | 00395nam a22001697a 4500 | ||
|---|---|---|---|
| 003 | NUST - PNEC | ||
| 005 | 20170116180912.0 | ||
| 008 | 150903b xxu||||| |||| 00| 0 eng d | ||
| 020 | _a0900541245 | ||
| 040 | _cLIBRARY | ||
| 082 | _a620.1123 | ||
| 100 |
_956 _aHearn, E.J. |
||
| 245 |
_aStrain gauges _cE.J Hearn |
||
| 260 | _cc 1971 | ||
| 650 |
_97137 _aStrain gages _xME |
||
| 942 |
_2ddc _cBK |
||
| 999 |
_c65310 _d65310 |
||